LEADER 00762nam a2200169 i 4500 001 000000217897 003 CaOOAMICUS 005 20130103000000.0 008 130103n it u000 u ita u 013 $a196794 040 $aSeMil$bita 245 10$aVEDI >>> :$bBollettino della Società di Studi Valdesi [rivista], Anno 129., N. 210-211, Giugno-Dicembre 2012. 490 0 $aCollana della Società di Studi Valdesi ;$v33 830 0$aCollana della Società di Studi Valdesi ;$v33.$0(OLS)http://semarc/title/9728 850 $aSeMil 852 $aSeMil$W1$xVenegono$y1$m$j2960$B168311$CSeMilBibl$Z2$F0 $85 996 $6245$aVEDI >>> :$bBollettino della Società di Studi Valdesi [rivista], Anno 129., N. 210-211, Giugno-Dicembre 2012$9(OLS)http://semarc/title/313015 LEADER 01011nam a2200253 i 4500 001 000000040998 003 CaOOAMICUS 005 20120316000000.0 008 120316s1994 it u000 u ita u 013 $a12168 040 $aSeMil$bita 100 1 $aRahner, Karl,$c.$0(OLS)http://semarc/name/61 240 10$aVon der Not und dem Segen des Gebetes.$0(OLS)http://semarc/title/59152 245 10$aNecessità e benedizione della preghiera /$cKarl Rahner. 260 $aBrescia :$bQueriniana,$ccopyr. 1994. 300 $a157 p. ;$c20 cm. 490 0 $aMeditazioni ;$v110 650 4$aPreghiera.$0(OLS)http://semarc/subject/1091 830 0$aMeditazioni ;$v110.$0(OLS)http://semarc/title/6156 850 $aSeMil 852 $aSeMil$W1$xVenegono$y1$m2C III 241$j7153$B7153$CSeMilBibl$Z2$F7153 $81 961 $aOmaggio: Altro 996 $6245$aNecessità e benedizione della preghiera$9(OLS)http://semarc/title/59151 996 $6260$aBrescia :$bQueriniana$9(OLS)http://semarc/publisher/29615 LEADER 00901nam a2200229 i 4500 001 000000099411 003 CaOOAMICUS 005 20180830171857.0 008 180830s1948 xx u000 u und u 013 $a71563 020 $a88-05- 040 $aSeMil$bita 100 1 $aPizzi, Italo <1849-1920>.$0(OLS)http://semarc/name/10182 245 10$aGrammaticae Hebraicae cum chrestomathia et glossario. 260 $aTorino :$bSEI,$c1948. 300 $a232 p. 650 4$aLingua ebraica - Dizionari, glossari, grammatica, sintassi etc.$0(OLS)http://semarc/subject/2142 850 $aSeMil 852 $aSeMil$W1$xVenegono$y1$m54 25 *$j56915$B56915$CSeMilBibl$Z2$F66922 $81 996 $6020$a88-05-$9(OLS)http://semarc/number/67188 996 $6245$aGrammaticae Hebraicae cum chrestomathia et glossario$9(OLS)http://semarc/title/146953 996 $6260$aTorino :$bSEI$9(OLS)http://semarc/publisher/29848